000 01115nam a2200313 i 4500
001 000013652
003 DO-SdBNP
005 20260204081244.0
007 ta
008 091127s1958 dr 000 0 spa d
040 _aDO-SdBNP
_bspa
_cBNPHU
_erda
041 _aspa
082 4 _aRD864.408
_bC679e
_222
100 1 _aCoiscou Henríquez, Máximo,
_d1876-1973
_eautor
_4aut.
_931075
245 1 0 _aEscritos breves /
_cMáximo Coiscou Henríquez.
264 1 _aCiudad Trujillo, República Dominicana :
_bImpresora Dominicana,
_c1958.
300 _a294 páginas ;
_c24 cm.
336 _atexto
_btxt
_2rdacontent
337 _asin mediación
_bn
_2rdamedia
338 _avolumen
_bnc
_2rdacarrier
500 _aIncluye referencias bibliográficas y notas al pie de las páginas
500 _aIncluye índice
590 _aInventariado, 2018/VM
600 1 4 _aCoiscou Henríquez, Máximo,
_d1876-1973
_vColecciones de Escritos
_931076
650 4 _aPoesía europea
_y1900-1950
_931077
651 4 _aRepública Dominicana
_xHistoria
_yHasta, 1844
_9138
910 _aValidado. Control de calidad MFF
942 _2ddc
_cLBS1
999 _c13266
_d13266